Town and country planning in the UK

Bibliographic Details
Main Authors: Cullingworth, Barry (Author), Davoudi, Simin (Author), Hart, Trevor (Author), Nadin, Vincent (Author), Pendlebury, John (Author), Townshend, Tim (Author), Vigar, Geoff (Author), Webb, David (Author)
Format: Book
Language:English
Published: London : Routledge 2015
Edition:Fifteenth edition
Subjects:

MARC

LEADER 00000cam a2200000 7i4500
001 0000027579
005 20171005.0
008 170920 -uka eng
020 |a 9780415492287 
040 |a INS   |b eng   |e rda 
090 0 0 |a HT169.G7   |b C85 2015 
100 1 |a Cullingworth, Barry ,   |e author 
245 1 0 |a Town and country planning in the UK   |c Barry Cillingworth [and seven others] 
250 |a Fifteenth edition 
264 1 |a London :   |b Routledge   |c 2015 
300 |a xxxv,601 pages :   |b pucture color, illustration ;   |c 24 cm. 
336 |a text  |2 rdacontent 
337 |a unmediated  |2 rdamedia 
338 |a volume  |2 rdacarrier 
500 |a Includes index 
504 |a Includes bibliographical references (p. 527-575) 
650 0 |a City planning   |x Great Britain 
650 0 |a Regional planning   |z Great Britain 
700 1 |a Davoudi, Simin ,   |e author 
700 1 |a Hart, Trevor ,   |e author 
700 1 |a Nadin, Vincent ,   |e author 
700 1 |a Pendlebury, John ,   |e author 
700 1 |a Townshend, Tim ,   |e author 
700 1 |a Vigar, Geoff ,   |e author 
700 1 |a Webb, David ,   |e author 
999 |a 1000003007   |b BOOK   |c Open Shelf   |e Default branch 
999 |a 1000003008   |b BOOK   |c Open Shelf   |e Default branch